<?xml version="1.0" encoding="UTF-8"?>
<record
    xmlns:xsi="http://www.w3.org/2001/XMLSchema-instance"
    xsi:schemaLocation="http://www.loc.gov/MARC21/slim http://www.loc.gov/standards/marcxml/schema/MARC21slim.xsd"
    xmlns="http://www.loc.gov/MARC21/slim">

  <leader>01739    a2200421   4500</leader>
  <controlfield tag="003">OSt</controlfield>
  <controlfield tag="005">20180116192340.0</controlfield>
  <controlfield tag="008">111115t        xxu||||| |||| 00| 0 eng d</controlfield>
  <datafield tag="020" ind1=" " ind2=" ">
    <subfield code="a">1424821916</subfield>
  </datafield>
  <datafield tag="024" ind1="1" ind2=" ">
    <subfield code="a">043396155190</subfield>
  </datafield>
  <datafield tag="028" ind1="4" ind2="2">
    <subfield code="a">043396155190</subfield>
    <subfield code="b">Sony Pictures</subfield>
  </datafield>
  <datafield tag="040" ind1=" " ind2=" ">
    <subfield code="c">0</subfield>
  </datafield>
  <datafield tag="082" ind1=" " ind2=" ">
    <subfield code="a">720.92</subfield>
  </datafield>
  <datafield tag="245" ind1="1" ind2="0">
    <subfield code="a">Sketches of frank gehry by sydney pollack</subfield>
    <subfield code="h">[videorecording] /</subfield>
    <subfield code="c">Frank O. Gehry, Sydney Pollack, Julian Schnabel, Charles Arnoldi, Barry Diller, Brainerd Taylor, Caroline Stevens, Cathrine Ellis, Hiro Yamagata, Julie Goldman, Krysanne Katsoolis, Maya Hoffmann.</subfield>
  </datafield>
  <datafield tag="260" ind1=" " ind2=" ">
    <subfield code="a">Califonia :</subfield>
    <subfield code="b">Sony Pictures,</subfield>
    <subfield code="c">2006.</subfield>
  </datafield>
  <datafield tag="300" ind1=" " ind2=" ">
    <subfield code="a">1 videodisc (83 min.) :</subfield>
    <subfield code="b">sd., col ;</subfield>
    <subfield code="c">4 3/4 in.</subfield>
  </datafield>
  <datafield tag="511" ind1="1" ind2=" ">
    <subfield code="a">Starring Frank O. Gehry, Sydney Pollack, Julian Schnabel, Charles Arnoldi, Barry Diller.</subfield>
  </datafield>
  <datafield tag="520" ind1=" " ind2=" ">
    <subfield code="a">SKETCHES OF FRANK GEHRY - DVD Movie.</subfield>
  </datafield>
  <datafield tag="538" ind1=" " ind2=" ">
    <subfield code="a">AC-3, Closed-captioned, Color, Dolby, DVD, Subtitled, Widescreen, NTSC.</subfield>
  </datafield>
  <datafield tag="650" ind1="0" ind2=" ">
    <subfield code="a">Documentary films</subfield>
    <subfield code="z">United States</subfield>
    <subfield code="9">167</subfield>
  </datafield>
  <datafield tag="650" ind1="0" ind2=" ">
    <subfield code="a">Vitra Design Museum</subfield>
    <subfield code="9">168</subfield>
  </datafield>
  <datafield tag="650" ind1="0" ind2=" ">
    <subfield code="a">Biographical films</subfield>
    <subfield code="9">169</subfield>
  </datafield>
  <datafield tag="700" ind1="1" ind2=" ">
    <subfield code="a">Gehry, Frank O.</subfield>
    <subfield code="9">170</subfield>
  </datafield>
  <datafield tag="700" ind1="1" ind2=" ">
    <subfield code="a">Pollack, Sydney.</subfield>
    <subfield code="9">171</subfield>
  </datafield>
  <datafield tag="700" ind1="1" ind2=" ">
    <subfield code="a">Schnabel, Julian.</subfield>
    <subfield code="9">172</subfield>
  </datafield>
  <datafield tag="700" ind1="1" ind2=" ">
    <subfield code="a">Arnoldi, Charles.</subfield>
    <subfield code="9">173</subfield>
  </datafield>
  <datafield tag="700" ind1="1" ind2=" ">
    <subfield code="a">Diller, Barry.</subfield>
    <subfield code="9">174</subfield>
  </datafield>
  <datafield tag="700" ind1="1" ind2=" ">
    <subfield code="a">Taylor, Brainerd.</subfield>
    <subfield code="9">175</subfield>
  </datafield>
  <datafield tag="700" ind1="1" ind2=" ">
    <subfield code="a">Stevens, Caroline.</subfield>
    <subfield code="9">176</subfield>
  </datafield>
  <datafield tag="700" ind1="1" ind2=" ">
    <subfield code="a">Ellis, Cathrine.</subfield>
    <subfield code="9">177</subfield>
  </datafield>
  <datafield tag="700" ind1="1" ind2=" ">
    <subfield code="a">Yamagata, Hiro.</subfield>
    <subfield code="9">178</subfield>
  </datafield>
  <datafield tag="700" ind1="1" ind2=" ">
    <subfield code="a">Goldman, Julie.</subfield>
    <subfield code="9">179</subfield>
  </datafield>
  <datafield tag="700" ind1="1" ind2=" ">
    <subfield code="a">Katsoolis, Krysanne.</subfield>
    <subfield code="9">180</subfield>
  </datafield>
  <datafield tag="700" ind1="1" ind2=" ">
    <subfield code="a">Hoffmann, Maya.</subfield>
    <subfield code="9">181</subfield>
  </datafield>
  <datafield tag="856" ind1="4" ind2="0">
    <subfield code="3">Amazon.com</subfield>
    <subfield code="u">http://www.amazon.com/exec/obidos/ASIN/B000GFRI6I/chopaconline-20</subfield>
  </datafield>
  <datafield tag="942" ind1=" " ind2=" ">
    <subfield code="a">SADA</subfield>
    <subfield code="c">CDS</subfield>
    <subfield code="k">CD 720.92 POL 2006</subfield>
    <subfield code="2">ddc</subfield>
  </datafield>
  <datafield tag="999" ind1=" " ind2=" ">
    <subfield code="c">352610</subfield>
    <subfield code="d">352610</subfield>
  </datafield>
  <datafield tag="952" ind1=" " ind2=" ">
    <subfield code="0">0</subfield>
    <subfield code="1">0</subfield>
    <subfield code="2">ddc</subfield>
    <subfield code="4">0</subfield>
    <subfield code="7">0</subfield>
    <subfield code="a">SADA</subfield>
    <subfield code="b">SADA</subfield>
    <subfield code="d">2011-02-03</subfield>
    <subfield code="l">1</subfield>
    <subfield code="o">CD 720.92 POL 2006</subfield>
    <subfield code="p">SADA0000579</subfield>
    <subfield code="r">2012-05-25</subfield>
    <subfield code="s">2012-05-22</subfield>
    <subfield code="v">1544.00</subfield>
    <subfield code="w">2011-08-05</subfield>
    <subfield code="y">CD</subfield>
  </datafield>
</record>
